Lanean...

The financial development of India 1860-1977

Xehetasun bibliografikoak
Egile nagusia: Goldsmith,Raymond W
Formatua: Printed Book
Hizkuntza:English
Argitaratua: Delhi Oxford University Press 1983
Gaiak:
LEADER 00561nam a22001697a 4500
005 20160820112412.0
008 090829t xxu||||| |||| 00| 0 eng d
082 |a 336.1/.5  |b GOL 
100 |a Goldsmith,Raymond W  |9 1634 
245 |a The financial development of India 1860-1977 
300 |a xv,240p. 
653 |a finance  |a development 
942 |c BK  |6 _ 
260 |a Delhi  |b Oxford University Press  |c 1983 
020 |a 0300020309 
999 |c 169510  |d 169510 
952 |0 0  |1 0  |2 ddc  |4 0  |6 33615_GOL  |7 0  |9 220285  |a DAE  |b DAE  |d 2009-08-29  |o 336.1/.5 GOL  |p ECO04198  |r 2016-08-20  |w 2016-08-20  |y BK